000 00560nam a22001817a 4500
003 OSt
005 20260129034331.0
008 260129b |||||||| |||| 00| 0 eng d
020 _a971-550-294-6
040 _aDWC-Main Lib.
_cOC
082 _aFil. 959.9026 Il3f 1998
100 _aIleto, Reynaldo C.
245 _aFilipinos and their Revolution/
_cReynaldo C. Ileto
260 _aPhilippines :
_bAteneo de Manila University press,
_cc1998.
300 _axiii 300 p.
_c23 cm.
500 _aIncludes reference and index.
942 _2ddc
_cBK - FIL
_hFil.
_n0
999 _c7950
_d7950